F1 2025 Tracks - Map - Statistics

General Stats
  • This quiz has been taken 61 times
  • The average score is 4 of 24
Answers on the Map
Answers color-coded by a green-red scale on the quiz's map according to % correct below.
 
Answer Stats
Country Track Name % Correct
Australia Albert Park Circuit
49%
China Shanghai International Circuit
43%
Hungary Hungaroring
38%
Austria Red Bull Ring
36%
United States Circuit of the Americas
28%
Canada Circuit Gilles Villeneuve
26%
Bahrain Bahrain International Circuit
21%
Saudi Arabia Jeddah Corniche Circuit
21%
Monaco Circuit de Monaco
19%
United Arab Emirates Yas Marina Circuit
19%
United Kingdom Silverstone Circuit
17%
United States Miami International Autodrome
15%
Spain Circuit de Barcelona-Catalunya
13%
Singapore Marina Bay Street Circuit
13%
Azerbaijan Baku City Circuit
11%
Belgium Circuit de Spa-Francorchamps
11%
Netherlands Circuit Zandvoort
11%
United States Las Vegas Strip Circuit
11%
Mexico Autódromo Hermanos Rodríguez
9%
Qatar Lusail International Circuit
9%
Japan Suzuka International Racing Course
9%
Italy Imola Circuit
6%
Brazil Interlagos Circuit
6%
Italy Monza Circuit
6%
No matching quizzes found
Score Distribution
Percent of People with Each Score
Percentile by Number Answered
Your Score History
You have not taken this quiz